LIBRARY & INFORMATION CENTRE, KCAET, TAVANUR

ONLINE PUBLIC ACCESS CATALOGUE (OPAC)

Supreme court in the Indian constitution (Record no. 11146)

MARC details
000 -LEADER
fixed length control field 00477cam a2200193ua 4500
041 ## - LANGUAGE CODE
Language code of text/sound track or separate title eng
082 ## - DEWEY DECIMAL CLASSIFICATION NUMBER
Classification number 347.035
Item number SHA/SU
100 ## - MAIN ENTRY--AUTHOR NAME
Personal name Sharma , Ram .
245 00 - TITLE STATEMENT
Title Supreme court in the Indian constitution
260 ## - PUBLICATION, DISTRIBUTION, ETC. (IMPRINT)
Place of publication :
Name of publisher Rajpet and sons Pub ,
Year of publication 1959.
300 ## - PHYSICAL DESCRIPTION
Number of Pages 356 ; .
650 ## - SUBJECT ADDED ENTRY--TOPICAL TERM
Topical Term Jurisdiction/functions/supremecourt
700 1# - ADDED ENTRY--PERSONAL NAME
Personal name sharma, Ram .
942 ## - ADDED ENTRY ELEMENTS (KOHA)
Koha item type Books
Holdings
Withdrawn status Lost status Damaged status Home library Current library Date acquired Full call number Accession Number Koha item type
Withdrawn     KAUAET Central Prison Tavanur 07/04/2012 347.035 3297 Books
free website counter